|
|
|
|
| LEADER |
01443nam a2200277 a 4500 |
| 001 |
GR-MES8651 |
| 008 |
021213s gr 000 0 gre d |
| 040 |
|
|
|a GrPaTEI
|b gre
|c GR-PaULI
|
| 040 |
|
|
|a GrPaTEI
|b gre
|c GR-PaULI
|
| 245 |
0 |
0 |
|a Αγροτουρισμός και ισόρροπη ανάπτυξη /
|c Γ. Βαφειάδης.
|
| 260 |
|
|
|a (Αθήνα) :
|b Αγροτική Τράπεζα της Ελλάδος,
|c (1992)
|
| 300 |
|
|
|a 162 σελ. :
|b πιν.
|
| 490 |
0 |
|
|a ΜΕΛΕΤΕΣ ΓΙΑ ΤΗΝ ΑΓΡΟΤΙΚΗ ΟΙΚΟΝΟΜΙΑ ;
|v 45
|
| 500 |
|
|
|a Περιέχει παράρτημα ερωτηματολογίου
|
| 500 |
|
|
|a Περιέχει παράρτημα πινάκων
|
| 650 |
|
4 |
|a ΑΓΡΟΤΟΥΡΙΣΜΟΣ
|
| 650 |
|
4 |
|a Ανάπτυξη
|
| 650 |
|
4 |
|a Οικονομία
|
| 700 |
0 |
|
|a Κοντογεώργος, Χρ.
|
| 700 |
0 |
|
|a Παπακωνσταντινίδης,Λ.Α
|
| 700 |
1 |
|
|a βαφειαδης, γιώργος
|
| 942 |
|
|
|2 ddc
|
| 952 |
|
|
|0 0
|1 0
|2 ddc
|4 0
|6 338_100000000000000_ΒΑΦ
|7 0
|9 278984
|a MSLG
|b MSLG
|c BSC
|d 2021-01-17
|e 24
|f 0
|g 0.00
|l 0
|o 338.1 ΒΑΦ
|p 2420000017032
|r 2021-01-17 00:00:00
|t 1
|w 2021-01-17
|y BK15
|x 20021213 0 1
|x GrPaTEI
|
| 952 |
|
|
|0 0
|1 0
|2 ddc
|4 0
|6 338_100000000000000_ΒΑΦ
|7 0
|9 278985
|a MSLG
|b MSLG
|c BSC
|d 2021-01-17
|e 24
|f 0
|g 0.00
|l 0
|o 338.1 ΒΑΦ
|p 2420000017034
|r 2021-01-17 00:00:00
|t 1
|w 2021-01-17
|y BK15
|x 20040426 0 1
|x GrPaTEI
|
| 971 |
|
|
|a .b25871225
|b 15-04-20
|c 14-09-16
|
| 999 |
|
|
|c 162509
|d 162509
|